000 00217nam a22000977a 4500
082 _a808 REA'D
245 _aREADER'S DIGEST CONDENSED BOOKS
260 _aLONDON
_bREADER'S DIGEST
_c1961
300 _a502P
942 _cBK
999 _c568073
_d568073